Primavera y Flor de Romances ó Colección de los más viejos y más populares Romances castellanos / (Record no. 167967)

MARC details
000 -LEADER
campo de control de longitud fija 00774nam a22002055i 4500
001 - NÚMERO DE CONTROL
campo de control 167967
003 - IDENTIFICADOR DE NÚMERO DE CONTROL
campo de control ES-MaACL
005 - FECHA Y HORA DE LA ÚLTIMA TRANSACCIÓN
campo de control 20250624195705.0
008 - DATOS DE LONGITUD FIJA--INFORMACIÓN GENERAL
campo de control de longitud fija 951121s1856 gw |||| | spa d
040 ## - FUENTE DE CATALOGACIÓN
Centro catalogador/agencia de origen EUS
Lengua de catalogación spa
Centro/agencia transcriptor EUS
245 00 - MENCIÓN DEL TÍTULO
Título Primavera y Flor de Romances ó Colección de los más viejos y más populares Romances castellanos /
Mención de responsabilidad, etc. por Fernando José Wolf ; Conrado Hofmann.
260 ## - PUBLICACIÓN, DISTRIBUCIÓN, ETC.
Lugar de publicación, distribución, etc. Berlín :
Nombre del editor, distribuidor, etc. En casa de A. Asher y comp.,
Fecha de publicación, distribución, etc. 1856.
300 ## - DESCRIPCIÓN FÍSICA
Extensión 2 v.(XC, 357; 429 p.) ;
Dimensiones 19 cm.
500 ## - NOTA GENERAL
Nota general Indice en el v.II.
650 04 - PUNTO DE ACCESO ADICIONAL DE MATERIA--TÉRMINO DE MATERIA
Término de materia o nombre geográfico como elemento de entrada Romances-
Subdivisión geográfica España.
9 (RLIN) 16935
700 1# - ENTRADA AGREGADA--NOMBRE PERSONAL
Nombre de persona Wolf, Ferdinand Joseph,
Fechas asociadas al nombre 1796-1866
9 (RLIN) 133954
700 1# - ENTRADA AGREGADA--NOMBRE PERSONAL
Nombre de persona Hofmann, Konrad (
Fechas asociadas al nombre 1819-1890)
9 (RLIN) 128015
852 ## - LOCALIZACIÓN
Ubicación ES-MaACL
Número de control de estantería F-10479-80
Nota libre -- Enc. pasta española
Holdings
Estatus retirado Estado de pérdida Estado de daño No para préstamo Colección Biblioteca de origen Biblioteca actual Ubicación en estantería Fecha de adquisición Total de préstamos Signatura topográfica completa Código de barras Visto por última vez Precio de reemplazo Tipo de ítem Koha
        Libros del s. XIX Biblioteca del Ateneo de Madrid Biblioteca del Ateneo de Madrid Sala Pecera Planta 2 17/01/2008   F-10479-80 1176216 23/02/2023 23/02/2023 Libro impreso antiguo